UBT Library

Geometry (Record no. 591)

000 -LEADER
fixed length control field 00505nam a22002057a 4500
005 - DATE AND TIME OF LATEST TRANSACTION
control field 20150330054342.0
008 - FIXED-LENGTH DATA ELEMENTS--GENERAL INFORMATION
fixed length control field 150330b xxu||||| |||| 00| 0 eng d
020 ## - INTERNATIONAL STANDARD BOOK NUMBER
International Standard Book Number 9780078651069
041 0# - LANGUAGE CODE
Language code of text/sound track or separate title eng
080 ## - UNIVERSAL DECIMAL CLASSIFICATION NUMBER
Universal Decimal Classification number 514
245 ## - TITLE STATEMENT
Title Geometry
Statement of responsibility, etc Boyd, Cindy J.
300 ## -
-- (902)
-- me il.;
-- 29 cm
505 ## -
-- Index: f. R79 - R92
650 ## -
-- Gjeomteri
710 1# -
-- Cummins Jerry,
710 1# -
-- Malloy, Caroll. Ph.D,
710 1# -
-- Carter John,
710 1# -
-- Flores, Alfinoi, Ph.D.
942 ## - ADDED ENTRY ELEMENTS (KOHA)
Source of classification or shelving scheme
Item type Books
Holdings
Withdrawn status Lost status Source of classification or shelving scheme Damaged status Not for loan Collection code Permanent location Current location Shelving location Date acquired Total Checkouts Full call number Date last seen Koha item type
          Koleksioni i përgjithshem UBT - Lipjan UBT - Lipjan Koleksioni i përgjithshem 03/30/2015   514 MCG 03/30/2015 Books
UBT Library © 2015-2024. All rights reserved University Education for Business and Technology